000 00647ngm a2200205 a 4500
005 20240910064230.0
008 991125s1970 mx 015 aaspa u
035 _aUPN01000004556
049 _aAV
050 4 _aPVI H 0028
245 0 0 _aArte, gente, sentimientos.
260 _aMéxico :
_bPelículas Mel,
_c[197?].
300 _a1 videocasete (VHS) (15 min.) :
_bson., col.
500 _aNúmero que le corresponde en el catálogo de películas Mel: 817
520 _aUna comunicación del sentimiento a través de artes visuales
650 0 _aArte
_92457
650 4 _aComunicación
_99285
650 4 _aPERCEPCION
905 _aAudiovisuales
999 _c4556
_d4556